Antología de astronomía : ¿Cómo Ves? /

Na minha lista:
Detalhes bibliográficos
Outros Autores: Tonda Mazón, Juan (selección) (selección), Régules Ruiz-Funes, Sergio de (selección) (selección), Burgos, Estrella (selección) (selección), Franco López, José (presentación) (presentación)
Formato: Livro
Idioma:espanhol
Publicado em: México : UNAM, Dirección General de Divulgación de la Ciencia, 2015, c2015
Colecção:(¿Cómo Ves?. Antologías)
Assuntos:
Tags: Adicionar Tag
Sem tags, seja o primeiro a adicionar uma tag!

MARC

LEADER 00000nam^a2200000^a^4500
001 000399589
005 20250521000000.0
009 20260310121555.95
020 |a 978-607-02-6366-8 
037 |a Acervo ITESO - Biblioteca 
041 |a ESP 
082 |a 505.  |b COM ANT V. 2 
240 1 1 |a [¿Cómo Ves?, revista de difusión científica] 
245 0 0 |a Antología de astronomía :  |b ¿Cómo Ves? /  |c Selec. de J. Tonda Mazón, S. de Régules Ruiz-Funes, E. Burgos ; presen. de J. Franco López. 
246 2 |a Título en la cubierta: ¿Cómo Ves?: astronomía 
264 4 |a México :  |b UNAM, Dirección General de Divulgación de la Ciencia,  |c 2015, c2015 
300 |a 247 p. 
336 |a texto  |b txt  |2 rdacontenido 
337 |a sin mediación  |b n  |2 rdamedio 
338 |a volumen  |b nc  |2 rdasoporte 
440 1 |a (¿Cómo Ves?.  |p Antologías) 
521 |a FIL 2017 EEnlace Centro de Promoción Cultural 
649 |a XX 
650 |a Universo -  |x Origen 
650 |a Agujeros Negros 
650 |a Estrellas 
650 |a Nebulosas 
650 |a Galaxias 
650 |a Cometas 
650 |a Tierra 
650 |a Sistema Solar 
650 |a Sistemas Planetarios 
650 |a Cuerpos Celestes 
650 |a Astronomía -  |x Equipo y Aparatos 
650 |a Astronomía -  |x Investigación 
650 |a Astronomía -  |z México -  |x Historia 
650 |a Astronomía -  |x Historia 
650 |a Astronomía -  |x Generalidades -  |x Tema Principal 
650 |a Ciencias Espaciales 
650 |a Ciencia -  |x Difusión -  |x Tema Principal 
650 |a Ciencia -  |x Publicaciones Periódicas Mexicanas -  |x Tema Principal 
650 |a Publicaciones Periódicas Mexicanas 
700 |a Tonda Mazón, Juan  |e (selección) 
700 |a Régules Ruiz-Funes, Sergio de  |e (selección) 
700 |a Burgos, Estrella  |e (selección) 
700 |a Franco López, José  |e (presentación) 
910 |a Fondo General 
920 |a Impresos - Libros 
930 |a Colección General 
905 |a 101 
901 |a 0500294636  |b IT1  |c ACC  |i c158187  |u 20250521 
902 |a https://opac.biblio.iteso.mx/vufind/Record/000399589